| 000 | 00882nam a2200289Ia 4500 | ||
|---|---|---|---|
| 001 | 15191 | ||
| 003 | IT-RoPAU | ||
| 008 | 130308s9999 xx 000 0 und d | ||
| 040 | _aIT-RoPAU | ||
| 040 | _cIT-RoPAU | ||
| 041 | _aITALIANO | ||
| 100 | _aGrisolia Cristina M. | ||
| 100 | _gCodice Aut. SPICS: 5794 | ||
| 245 | _aComitati di redazione ed i problemi della partecipazione dei giornalisti alla gestione dell'impresa (I) | ||
| 245 | _bStampa Quotidiana tra Crisi e riforma (La)-Problemi giuridici e Organizzativi | ||
| 250 | _a1a ed. | ||
| 260 | _aBOLOGNA | ||
| 260 | _bIl Mulino | ||
| 260 | _c1976 [1° Ed.:1976 - Ed.Ling.Originale:1975] | ||
| 300 | _a"42 p. (prefazione: no ; testo: 42 [pagine: 435-476])" | ||
| 650 | _aDIRITTO NELLA STAMPA DI MASSA | ||
| 650 | _eCodice materia Spics: 4609 | ||
| 942 | _cBK | ||
| 957 | _71 | ||
| 999 |
_c46748 _d46748 |
||
| 999 | _bSI | ||
| 999 | _g1 | ||